The story of Star Wars. (Record no. 171)

MARC details
000 -LEADER
fixed length control field 01277nam a2200157 a 4500
005 - DATE AND TIME OF LATEST TRANSACTION
control field 20260322212009.0
008 - FIXED-LENGTH DATA ELEMENTS--GENERAL INFORMATION
fixed length control field data
099 ## - LOCAL FREE-TEXT CALL NUMBER (OCLC)
Classification number DVD 940
001 - CONTROL NUMBER
control field data
100 1# - MAIN ENTRY--PERSONAL NAME
Personal name Lucas, George,
Dates associated with a name 1944-
245 14 - TITLE STATEMENT
Title The story of Star Wars.
Statement of responsibility, etc. George Lucas.
260 ## - PUBLICATION, DISTRIBUTION, ETC.
Place of publication, distribution, etc. Bevery Hills, CA :
Name of publisher, distributor, etc. 20th Century Fox Home Entertainment,
Date of publication, distribution, etc. 2005.
300 ## - PHYSICAL DESCRIPTION
Extent DVD video 1 videodisc (65 min.) : sd., col. ;
Other physical details 4 3/4 in.
520 ## - SUMMARY, ETC.
Summary, etc. The Skywalker family is the heart of the Star Wars saga. Now hear the inside story of Luke and Anakin Skywalker from the characters who witnessed it all: the famous droid duo C-3PO and R2-D2! Episodes IV, V, and VI are explored in "The Story of Luke Skywalker," which follows the young man escaping from his daily chores on Tatooine to his becoming a hero in the Rebel Alliance. In "The Story of Anakin Skywalker," you'll go behind the mask of the the greatest Star Wars willain and discover how Darth Vader started life as a young Podracing champion on Tatooine and later became a headstrong young Jedi seduced by the dark side of the Force. With clips from the Star Wars films, C-3PO and R2-D2 take you on an hour-long journey through the saga and prepare you for the explosive final chapter: Star Wars: Episode III Revenge of the Sith.
650 #0 - SUBJECT ADDED ENTRY--TOPICAL TERM
Topical term or geographic name entry element Science fiction films
Holdings
Withdrawn status Lost status Damaged status Not for loan Home library Current library Shelving location Date acquired Total checkouts Full call number Barcode Date last seen Price effective from Koha item type
        Centerville Centerville General stacks 22/03/2026   GEN BC0010176 22/03/2026 22/03/2026 Books